Brainrot Memes - Statistics

General Stats
  • This quiz has been taken 1,151 times
  • The average score is 6 of 13
Answer Stats
Hint Answer % Correct
Skibidi ______ Toilet
98%
Women with a large butt and good figure Gyatt
76%
_____ Toilet Skibidi
72%
In which US-State is the final boss of Brainrot? Ohio
70%
What has a person with extreme skills of pulling women? Rizz
70%
Which pink pig is calling? John Pork
56%
What did Squidward say? Erm what the sigma
45%
What did the red-yellow Larva say? Oi oi oi
36%
What did the chicken nugget say? Gedegedagagado
20%
What did Kai Cenat had to pay? Fanum Tax
15%
What did Don Pollo say? Salam aleykum wa aleikum assalam | Linganguliguliwata lingango lingango | Blablabla blebleble
4%
What did My Talking Tom say? Bro what the hell bro
1%
Wenamechainesoma Timajarbinsaun
1%
No matching quizzes found
Score Distribution
Percent of People with Each Score
Percentile by Number Answered
Your Score History
You have not taken this quiz